000 00348nam a2200121Ia 4500
008 220217s9999||||xx |||||||||||||| ||und||
020 _a9789386860965
100 _aGK publications
245 0 _aSuccess package SSC-CGL combined graduate level
260 _aGK publications
_bNew Delhi
_c2018
300 _a574p.
_b525
650 _aGENERAL BOOKS
999 _c188105
_d188105